|
|
|
|
| LEADER |
01203nam a22002897a 4500 |
| 001 |
33363 |
| 003 |
BD-DhAAL |
| 005 |
20250624122855.0 |
| 008 |
180715r19971937ii a|||| b||| 001 0 eng d |
| 020 |
|
|
|a 9780195621624
|
| 020 |
|
|
|a 019562162X
|
| 040 |
|
|
|a BD-DhAAL
|d BD-DhAAL
|
| 082 |
|
|
|a 582.160954
|
| 100 |
|
|
|a Blatter, E.
|9 27257
|
| 245 |
|
|
|a Some beautiful Indian trees /
|c E. Blatter and Walter S. Millard.
|
| 250 |
|
|
|a Second edition.
|
| 260 |
|
|
|a Delhi :
|b Oxford Univ. Pr.,
|c 1997 [reprinted].
|
| 300 |
|
|
|a xv, 165 pages :
|b illustrations, some color plates;
|c 25 cm.
|
| 504 |
|
|
|a includes bibliographical references and index
|
| 526 |
|
|
|a ARC
|
| 541 |
|
|
|a Department of Architecture
|e 33363
|
| 650 |
|
|
|a Trees
|z India.
|9 27258
|
| 650 |
|
|
|a Botany
|z Pictorial works.
|9 27259
|
| 852 |
|
|
|a Department of Architecture
|c General Stacks
|
| 942 |
|
|
|2 ddc
|c BK
|
| 999 |
|
|
|c 39768
|d 39768
|
| 952 |
|
|
|0 0
|1 1
|2 ddc
|4 0
|6 582_160954000000000_BLA
|7 0
|9 63796
|a ARC
|b ARC
|c GEN
|d 2018-07-15
|e Department of Architecture
|l 0
|o 582.160954 BLA
|p 3010033363
|r 2018-07-15
|t 1
|w 2018-07-15
|y BK
|x lost from the ARC department library and approved by the Dean (reasons personal books withdrawn by Hasibul Kabir Sir and Building shifting)
|